<?xml version="1.0" encoding="UTF-8"?>
<record
    xmlns:xsi="http://www.w3.org/2001/XMLSchema-instance"
    xsi:schemaLocation="http://www.loc.gov/MARC21/slim http://www.loc.gov/standards/marcxml/schema/MARC21slim.xsd"
    xmlns="http://www.loc.gov/MARC21/slim">

  <leader>02102nam a2200289 i 4500</leader>
  <controlfield tag="003">DO-SdBNP</controlfield>
  <controlfield tag="005">20260601123139.0</controlfield>
  <controlfield tag="007">ta</controlfield>
  <controlfield tag="008">260601e2025    dr ||||gr|||||||| ||spa d</controlfield>
  <datafield tag="020" ind1=" " ind2=" ">
    <subfield code="a">9789945518504.</subfield>
  </datafield>
  <datafield tag="040" ind1=" " ind2=" ">
    <subfield code="a">DO-SdBNP</subfield>
    <subfield code="b">spa</subfield>
    <subfield code="c">BNPHU</subfield>
    <subfield code="e">rda</subfield>
  </datafield>
  <datafield tag="041" ind1=" " ind2=" ">
    <subfield code="a">spa</subfield>
  </datafield>
  <datafield tag="082" ind1=" " ind2=" ">
    <subfield code="b">G993p 2025</subfield>
    <subfield code="2">22</subfield>
  </datafield>
  <datafield tag="100" ind1=" " ind2=" ">
    <subfield code="a">Guzm&#xE1;n Ovalle, Dilcia</subfield>
    <subfield code="9">85130</subfield>
    <subfield code="e">autor</subfield>
  </datafield>
  <datafield tag="245" ind1=" " ind2=" ">
    <subfield code="a">El placer de dar : </subfield>
    <subfield code="c">las claves para una vida plena a trav&#xE9;s de la generosidad y la empat&#xED;a /</subfield>
    <subfield code="b">Dilcia Guzm&#xE1;n ; correcci&#xF3;n: Eridania Rodr&#xED;guez.</subfield>
  </datafield>
  <datafield tag="264" ind1=" " ind2=" ">
    <subfield code="a">Santo Domingo Republica Dominicana : </subfield>
    <subfield code="b">Publicaciones Libertad, </subfield>
    <subfield code="c">2025.</subfield>
  </datafield>
  <datafield tag="300" ind1=" " ind2=" ">
    <subfield code="a">120 paginas ; </subfield>
    <subfield code="c">21 x 14 cm.</subfield>
  </datafield>
  <datafield tag="336" ind1=" " ind2=" ">
    <subfield code="a">texto</subfield>
    <subfield code="b">txt</subfield>
    <subfield code="2">rdacontent</subfield>
  </datafield>
  <datafield tag="337" ind1=" " ind2=" ">
    <subfield code="a">sin mediaci&#xF3;n </subfield>
    <subfield code="b">n</subfield>
    <subfield code="2">rdamedia</subfield>
  </datafield>
  <datafield tag="338" ind1=" " ind2=" ">
    <subfield code="a">volumen</subfield>
    <subfield code="b">nc</subfield>
    <subfield code="2">rdacarrier</subfield>
  </datafield>
  <datafield tag="500" ind1=" " ind2=" ">
    <subfield code="a">100 Libros para San Pedro. </subfield>
  </datafield>
  <datafield tag="520" ind1=" " ind2=" ">
    <subfield code="a">&#x201C;El Placer de Dar&#x201D;, de Dilcia Guzm&#xE1;n, nos abre las puertas a una comprensi&#xF3;n m&#xE1;s profunda del poder transformador que reside en la generosidad. Este libro no se limita a exaltar los beneficios para quien recibe, sino que ilumina el impacto profundo y enriquecedor que el acto de dar tiene en nuestra propia vida y en el tejido mismo de nuestra sociedad. A trav&#xE9;s de reflexiones honestas y perspectivas inspiradoras, la autora nos muestra c&#xF3;mo la pr&#xE1;ctica constante de la generosidad puede cultivar la empat&#xED;a, fortalecer las comunidades y generar un ciclo virtuoso de bienestar colectivo. &#x201C;El Placer de Dar&#x201D; es una invitaci&#xF3;n a desmantelar la creencia de que la felicidad se encuentra &#xFA;nicamente en la posesi&#xF3;n, y a descubrir la plenitud que surge al contribuir al bienestar de los dem&#xE1;s. Este libro es una lectura esencial para aquellos que buscan vivir una vida con prop&#xF3;sito, conectarse de manera m&#xE1;s aut&#xE9;ntica con su entorno y experimentar la alegr&#xED;a genuina que proviene de sembrar semillas de bondad en el mundo. Prep&#xE1;rense para ser conmovidos e impulsados a hacer del dar una parte integral de su existencia.</subfield>
  </datafield>
  <datafield tag="590" ind1=" " ind2=" ">
    <subfield code="a">Inventariado, 2026/WG.</subfield>
  </datafield>
  <datafield tag="650" ind1=" " ind2="0">
    <subfield code="a">Felicidad</subfield>
    <subfield code="9">5856</subfield>
  </datafield>
  <datafield tag="650" ind1=" " ind2="0">
    <subfield code="a">Vida cristiana</subfield>
    <subfield code="9">668</subfield>
  </datafield>
  <datafield tag="942" ind1=" " ind2=" ">
    <subfield code="2">ddc</subfield>
    <subfield code="c">LBS1</subfield>
  </datafield>
  <datafield tag="952" ind1=" " ind2=" ">
    <subfield code="0">0</subfield>
    <subfield code="1">0</subfield>
    <subfield code="2">ddc</subfield>
    <subfield code="5">1</subfield>
    <subfield code="7">0</subfield>
    <subfield code="8">PD</subfield>
    <subfield code="a">BNPHU</subfield>
    <subfield code="b">BNPHU</subfield>
    <subfield code="c">CT</subfield>
    <subfield code="d">2026-06-01</subfield>
    <subfield code="l">0</subfield>
    <subfield code="o">G993p 2025</subfield>
    <subfield code="p">2026-4741</subfield>
    <subfield code="r">2026-06-01</subfield>
    <subfield code="w">2026-06-01</subfield>
    <subfield code="y">LBS1</subfield>
  </datafield>
  <datafield tag="952" ind1=" " ind2=" ">
    <subfield code="0">0</subfield>
    <subfield code="1">0</subfield>
    <subfield code="2">ddc</subfield>
    <subfield code="5">1</subfield>
    <subfield code="7">0</subfield>
    <subfield code="8">PD</subfield>
    <subfield code="a">BNPHU</subfield>
    <subfield code="b">BNPHU</subfield>
    <subfield code="c">CT</subfield>
    <subfield code="d">2026-06-01</subfield>
    <subfield code="l">0</subfield>
    <subfield code="o">G993p 2025</subfield>
    <subfield code="p">2026-4742</subfield>
    <subfield code="r">2026-06-01</subfield>
    <subfield code="t">e.2</subfield>
    <subfield code="w">2026-06-01</subfield>
    <subfield code="y">LBS1</subfield>
  </datafield>
  <datafield tag="952" ind1=" " ind2=" ">
    <subfield code="0">0</subfield>
    <subfield code="1">0</subfield>
    <subfield code="2">ddc</subfield>
    <subfield code="5">1</subfield>
    <subfield code="7">0</subfield>
    <subfield code="8">PD</subfield>
    <subfield code="a">BNPHU</subfield>
    <subfield code="b">BNPHU</subfield>
    <subfield code="c">CT</subfield>
    <subfield code="d">2026-06-01</subfield>
    <subfield code="l">0</subfield>
    <subfield code="o">G993p 2025</subfield>
    <subfield code="p">2026-4743</subfield>
    <subfield code="r">2026-06-01</subfield>
    <subfield code="t">e.3</subfield>
    <subfield code="w">2026-06-01</subfield>
    <subfield code="y">LBS1</subfield>
  </datafield>
  <datafield tag="999" ind1=" " ind2=" ">
    <subfield code="c">60846</subfield>
    <subfield code="d">60846</subfield>
  </datafield>
</record>
